01346nab a22002177a 4500003000400000005001700004008004100021040000700062100002500069245011300094260007300207300001500280500003500295505048000330505008100810650001800891650001800909650002900927650002000956773015200976OSt20260202132039.0190429b xxu||||| |||| 00| 0 spa d cPJ aArrieta Cano, Franco10aExención de prisión y habeas corpus: una problemática en el trámite judicial /cFranco Arrieta Cano. cCiudad Autónoma de Buenos Aires :aThomson Reuters La Ley, b2023. ap. 149-158 aCita Online: AR/DOC/2130/2023. aSumario: I. Palabras iniciales.— II. Habeas corpus y algunas de sus características.— III. Habeas corpus preventivo.— IV. La exención de prisión.— V. Algunas similitudes entre ambos institutos procesales.— VI. El problema de la presentación del habeas corpus preventivo con propósito de lograr una eximición de prisión.— VII. El foco de análisis.— VIII. La verdadera finalidad de este trámite.— IX. Posible solución al problema planteado.  tSi te interesa el texto completo, solicitalo a koha@justierradelfuego.gov.ar 0aDERECHO PENAL 0aPROCESO PENAL 0aEXIMICIÓN DE PRISIÓN 0aHÁBEAS CORPUS0 02658tRevista de derecho penal y criminología. Nº 9 - Octubre 2023dCiudad Autónoma de Buenos Aires : Thomson Reuters La Ley, 2017-x00347914